BIBLE - La charité - Statistiques

Statistiques générales
  • Ce quiz a été pris 32 fois
  • Le résultat moyen est 6 sur 15
Statistiques - réponses
Hint Réponse % Correct
elle ne s'enfle point d'{orgueil},
86%
elle ne soupçonne point le {mal},
76%
elle est pleine de {bonté};
69%
elle ne cherche point son {intérêt},
45%
elle {supporte} tout.
45%
la charité ne se {vante} point,
45%
la charité n'est point {envieuse};
41%
v 4 La charité est {patiente},
38%
elle {croit} tout,
34%
v 6 elle ne se réjouit point de l'{injustice},
34%
mais elle se réjouit de la {vérité};
34%
elle {espère} tout,
31%
v 5 elle ne fait rien de {malhonnête},
24%
elle ne s'{irrite} point,
24%
v 7 elle {excuse} tout,
17%
Aucun quiz correspondant
Distribution des résultats
% des personnes avec chaque résultat
Percentile par nombre de réponses
Votre historique - résultats
Vous n’avez pas pris ce quiz